000 00297nam a22001337a 4500
008 171019b xxu||||| |||| 00| 0 eng d
020 _a9789995628994
041 _aalb
080 _a338
100 _a53
101 _aMEN
245 _aMARRJA E VENDIMEVE MANAXHERIALE
_cKUME.V
942 _2udc
_cBK
999 _c34917
_d34917